书目信息 |
| 题名: |
卡耐基论人性优弱点
|
|
| 作者: | 段斌 编著 | |
| 分册: | ||
| 出版信息: | 北京 北京燕山出版社 2007.06 |
|
| 页数: | 249页 | |
| 开本: | 24cm | |
| 丛书名: | ||
| 单 册: | ||
| 中图分类: | B848.4 | |
| 科图分类: | ||
| 主题词: | 成功心理学--cheng gong xin li xue | |
| 电子资源: | ||
| ISBN: | 978-7-5402-0847-9 | |
| 000 | 00845nam0 2200253 450 | |
| 001 | 012008426585 | |
| 005 | 20080429170442.85 | |
| 010 | @a978-7-5402-0847-9@dCNY69.80 | |
| 100 | @a20080429d2007 em y0chiy0120 ea | |
| 101 | 0 | @achi |
| 102 | @aCN@b110000 | |
| 105 | @ay z 000yy | |
| 106 | @ar | |
| 200 | 1 | @a卡耐基论人性优弱点@Aka nai ji lun ren xing you ruo dian@f段斌编著@Fduan bin bian zhu |
| 205 | @a第2版 | |
| 210 | @a北京@c北京燕山出版社@d2007.06 | |
| 215 | @a249页@d24cm | |
| 300 | @a最伟大的成功励志经典 | |
| 330 | @a本书内容包括:上编:第一章,人的自然本性,第二章,忧虑,第三章,了解忧虑,第四章,走出困境,第五章,人生幸福,第六章,精力旺盛等。 | |
| 606 | 0 | @a成功心理学@Acheng gong xin li xue |
| 690 | @aB848.4@v4 | |
| 701 | 0 | @a段斌@Aduan bin@4编著 |
| 801 | 0 | @aCN@bQSSK@c20080429 |
| 905 | @b299392-94@dB848.4@eD918@f3 | |
| 卡耐基论人性优弱点/段斌编著.-第2版.-北京:北京燕山出版社,2007.06 |
| 249页;24cm |
| 最伟大的成功励志经典 |
| ISBN 978-7-5402-0847-9:CNY69.80 |
| 本书内容包括:上编:第一章,人的自然本性,第二章,忧虑,第三章,了解忧虑,第四章,走出困境,第五章,人生幸福,第六章,精力旺盛等。 |
| ● |
| 相关链接 |
|
|
|
正题名:卡耐基论人性优弱点
索取号:B848.4/D918
 
预约/预借
| 序号 | 登录号 | 条形码 | 馆藏地/架位号 | 状态 | 备注 |
| 1 | 299392 | 202993920 | 社科库509/509社科库 43排1列6层/ [索取号:B848.4/D918] | 在馆 | |
| 2 | 299393 | 202993939 | 社科库509/509社科库 43排1列6层/ [索取号:B848.4/D918] | 在馆 | |
| 3 | 299394 | 202993948 | 社科库509/422社科库 13排2列5层/ [索取号:B848.4/D918] | 在馆 |